[Event "Stay Safe Play From Home 137"]
[Site "T#645928Emanuel Laske"]
[Date "2020.05.10"]
[Round "7"]
[White "SoulofWolf"]
[Black "Tropic Thunder"]
[Result "1-0"]
[WhiteElo "2164"]
[BlackElo "2169"]
[Annotator "RC"]
[PlyCount "101"]
[EventDate "2020.05.10"]
[EventType "swiss (blitz)"]

1. Nf3 {[%emt 0:00:00] Tropic Thunder offers a draw} Nf6 {[%emt 0:00:03]} 2. d4 {[%emt 0:00:00]} e6 {[%emt 0:00:01]} 3. c4 {[%emt 0:00:00]} b6 {[%emt 0:00:00]} 4. Bg5 {[%emt 0:00:01]} Bb7 {[%emt 0:00:00]} 5. g3 {[%emt 0:00:00]} Be7 {[%emt 0:00:01]} 6. Bg2 {[%emt 0:00:01]} d6 {[%emt 0:00:01]} 7. O-O {[%emt 0:00:01]} Nbd7 {[%emt 0:00:00]} 8. Nc3 {[%emt 0:00:00]} e5 {[%emt 0:00:01]} 9. d5 {[%emt 0:00:01]} O-O {[%emt 0:00:02]} 10. Qd2 {[%emt 0:00:03]} h6 {[%emt 0:00:02]} 11. Be3 {[%emt 0:00:01]} Nh7 {[%emt 0:00:01]} 12. h3 {[%emt 0:00:00]} f5 {[%emt 0:00:01]} 13. Qc2 {[%emt 0:00:03]} g5 {[%emt 0:00:01]} 14. Bd2 {[%emt 0:00:02]} f4 {[%emt 0:00:01]} 15. g4 {[%emt 0:00:01]} Ndf6 {[%emt 0:00:01]} 16. Ne1 {[%emt 0:00:05]} Bc8 {[%emt 0:00:01]} 17. f3 {[%emt 0:00:01]} h5 {[%emt 0:00:01]} 18. Nd3 {[%emt 0:00:06]} hxg4 {[%emt 0:00:01]} 19. fxg4 {[%emt 0:00:00]} Kh8 {[%emt 0:00:02]} 20. Nf2 {[%emt 0:00:01]} Qe8 {[%emt 0:00:01]} 21. Nce4 {[%emt 0:00:01]} Qf7 {[%emt 0:00:01]} 22. Nxf6 {[%emt 0:00:01]} Nxf6 {[%emt 0:00:01]} 23. Ne4 {[%emt 0:00:01]} Nxe4 {[%emt 0:00:01]} 24. Qxe4 {[%emt 0:00:01]} Qg7 {[%emt 0:00:01]} 25. Qc2 {[%emt 0:00:04]} Qh6 {[%emt 0:00:04]} 26. Rac1 {[%emt 0:00:04]} Kg7 {[%emt 0:00:02]} 27. Be1 {[%emt 0:00:01]} Rh8 {[%emt 0:00:03]} 28. Qe4 {[%emt 0:00:03]} a6 {[%emt 0:00:04]} 29. Qf3 {[%emt 0:00:01]} b5 {[%emt 0:00:01]} 30. e3 {[%emt 0:00:02]} bxc4 {[%emt 0:00:02]} 31. exf4 {[%emt 0:00:00]} gxf4 {[%emt 0:00:00]} 32. Bc3 {[%emt 0:00:01]} Bb7 {[%emt 0:00:02]} 33. Qxf4 {[%emt 0:00:01]} Qxf4 {[%emt 0:00:01]} 34. Rxf4 {[%emt 0:00:00]} Bg5 {[%emt 0:00:00]} 35. Rff1 {[%emt 0:00:01]} Bxc1 {[%emt 0:00:01]} 36. Rxc1 {[%emt 0:00:00]} Rhf8 {[%emt 0:00:01]} 37. Bf1 {[%emt 0:00:02]} Rf4 {[%emt 0:00:01]} 38. Bg2 {[%emt 0:00:02]} Raf8 {[%emt 0:00:04]} 39. Rc2 {[%emt 0:00:00]} Kg6 {[%emt 0:00:02]} 40. Bd2 {[%emt 0:00:00]} Rf2 {[%emt 0:00:01]} 41. Bc3 {[%emt 0:00:00]} Rxc2 {[%emt 0:00:01]} 42. Ba5 {[%emt 0:00:00]} Rc1+ {[%emt 0:00:00]} 43. Kh2 {[%emt 0:00:00]} Bxd5 {[%emt 0:00:01]} 44. Bxd5 {[%emt 0:00:02]} Rc2+ {[%emt 0:00:00]} 45. Kg3 {[%emt 0:00:00]} Rff2 {[%emt 0:00:00]} 46. Be4+ {[%emt 0:00:00]} Kh6 {[%emt 0:00:00]} 47. Bxc2 {[%emt 0:00:00]} Rxc2 {[%emt 0:00:00]} 48. Bxc7 {[%emt 0:00:00]} d5 {[%emt 0:00:00]} 49. Bd6 {[%emt 0:00:00]} d4 {[%emt 0:00:00]} 50. Bxe5 {[%emt 0:00:00]} Rxb2 {[%emt 0:00:00]} 51. Bf4+ {[%emt 0:00:00] Time (Lag: Av=0.90s, max=1.5s)} 1-0

[Event "Stay Safe Play From Home 137"]
[Site "T#645928Emanuel Laske"]
[Date "2020.05.10"]
[Round "7"]
[White "Weltszmerc"]
[Black "Lazieri3"]
[Result "0-1"]
[WhiteElo "2017"]
[BlackElo "2017"]
[Annotator "TA"]
[PlyCount "90"]
[EventDate "2020.05.10"]
[EventType "swiss (blitz)"]

{[%evp 9,90,-6,55,11,83,74,74,79,90,68,102,67,101,83,112,82,151,119,168,80,155,143,169,170,162,90,90,80,410,32,56,31,68,36,43,39,92,76,91,85,202,78,256,0,0,0,-2,-8,0,-79,22,0,0,0,0,0,0,0,1,-83,0,-112,-111,-105,-59,-122,-127,-112,0,-129,-129,-169,-165,-165,-167,-136,1064,1055,910,838,29980,29981,29988]} 1. d4 c6 2. c4 d5 3. Nf3 Nf6 4. g3 Bf5 5. Qb3 Qc8 (5... Qb6 $11) 6. cxd5 {[#] D11: Slav Defence: 3 Nf3 sidelines and 3...Nf6 4 e3 Bg4.} Nxd5 $146 (6... cxd5 $11 7. Bf4 e6) ({Predecessor:} 6... cxd5 7. Nc3 e6 8. Bf4 Nc6 9. Rc1 Be7 10. Bg2 O-O 11. O-O Nh5 12. Be3 Nf6 13. Nh4 {1-0 (30) Martinez Ramirez,L (2410)-Bajarani,U (2540) Moscow 2016}) 7. Nc3 (7. Nbd2 {keeps more tension.} Nf6 8. Bg2 Nbd7 9. O-O h6 10. Re1) 7... Nxc3 8. bxc3 {White is better.} Be6 9. Qc2 Nd7 10. Bg2 Nf6 11. O-O Bh3 12. Bg5 h5 (12... Bxg2 $142 13. Kxg2 h6) 13. e4 h4 {Black wants to play ...Bxg2.} 14. e5 (14. Bxh3 $18 {is more deadly.} Qxh3 15. Bxh4) 14... hxg3 (14... Bxg2 $142 15. Kxg2 h3+ 16. Kg1 Qg4) 15. fxg3 $16 Bxg2 16. Qxg2 Ne4 17. Bd2 (17. Rae1 $18 Nxc3 18. Bd2) 17... Nxd2 18. Qxd2 Qh3 $2 {[%mdl 8192]} (18... g6 $16) 19. Qg2 $2 (19. Ng5 $18 Qh6 20. Rxf7) 19... Qxg2+ $1 $14 20. Kxg2 f6 21. Rad1 O-O-O 22. c4 g6 ({Black should play} 22... e6 $14) 23. d5 cxd5 24. cxd5 Bg7 (24... Rg8 $16 {might work better.}) 25. e6 (25. Nh4 $1 $18 {and the rest is easy.}) 25... f5 $2 (25... Rh5 $16) 26. Rc1+ $2 ({White has to play} 26. Ng5 $1 $18) 26... Kb8 $11 27. Rfd1 Bf6 28. h4 Rc8 29. Ng5 (29. Rxc8+ $11 Kxc8 30. d6) 29... Rhd8 (29... Rxc1 $17 30. Rxc1 Bxg5 31. hxg5 Rd8) 30. Rxc8+ Rxc8 {[%mdl 4096] Endgame KRB-KRN} 31. d6 exd6 32. Rxd6 Rc2+ 33. Kh3 Re2 {[#]} ({Stronger than} 33... Rxa2 34. Nh7 $16) 34. Nf3 (34. e7 $1 $11 {[%mdl 512]} Bxe7 (34... Rxe7 35. Rxf6) 35. Rxg6) 34... Be7 ({Don't play} 34... Rxa2 $6 35. e7 $1 $11 {[%mdl 512]}) (34... Kc7 $17 35. Rd7+ Kc6) 35. Rd7 (35. Nd4 $11 Re4 36. Rd7) 35... Rxe6 $17 36. Nd4 Re1 37. Nb5 (37. h5 $15 gxh5 38. Nxf5) 37... a6 38. Nc3 g5 ({Better is} 38... Bc5 $17 39. Rd8+ Ka7) 39. hxg5 (39. Nd5 $11 g4+ 40. Kg2) 39... Bxg5 40. Nd5 {[#]} Rh1+ $1 41. Kg2 Rd1 42. Nb6 Ka7 $2 {[%mdl 8192]} (42... Rxd7 $17 43. Nxd7+ Kc7) 43. Rxd1 $18 Kxb6 44. Rd5 f4 45. Rxg5 f3+ {[%mdl 32768] A wild game. Accuracy: White = 37%, Black = 35%. . Loss on time!?} 0-1

[Event "Stay Safe Play From Home 137"]
[Site "T#645928Emanuel Laske"]
[Date "2020.05.10"]
[Round "7"]
[White "Greblha"]
[Black "Haxhi Baha"]
[Result "1-0"]
[WhiteElo "1974"]
[BlackElo "1917"]
[Annotator "TA"]
[PlyCount "105"]
[EventDate "2020.05.10"]
[EventType "swiss (blitz)"]

{[%evp 9,105,0,6,-55,-69,-503,-484,-489,-490,-510,-460,-502,-431,-459,-341,-404,-398,-529,-490,-473,-438,-418,-423,-437,-418,-430,-418,-506,-493,-529,-512,-638,-633,-656,-641,-686,-672,-768,-773,-766,-714,-732,-682,-683,-675,-783,-780,-920,-724,-701,-670,-779,-655,-852,-846,-925,-928,-952,-997,-1316,-1302,-1229,-1177,-1361,-1320,-1406,-1404,-29978,-29979,-29977,-29978,-29974,-29972,-29976,-29977,-29981,-29982,-29982,-29983,-29983,-308,-282,-270,-206,29957,29958,29964,29954,29950,29945,29965,29965,29971,235,29969,29970,29968,29969]} 1. e4 e6 2. e5 d5 3. d4 c5 4. c3 Nc6 5. Nf3 Qb6 6. c4 {C02: French: Advance Variation.} (6. Na3 $11) 6... cxd4 $15 {[#]} 7. Nxd4 $146 {[%mdl 8192] [#]} ({White should play} 7. cxd5 $15 exd5 8. Bd3) ({Predecessor:} 7. b3 Nh6 8. Bd3 Nf5 9. Bxf5 exf5 10. O-O f6 11. exf6 gxf6 12. Re1+ Be7 13. cxd5 Nb4 {0-1 (35) Aravind,A-Balouka Myers,R (70) Aberystwyth 2014}) 7... Qxd4 $19 8. Qxd4 {Black is clearly winning.} Nxd4 9. Bd3 Ne7 10. Nc3 Ng6 11. Be3 Nc6 12. Nb5 Bb4+ 13. Bd2 Bxd2+ 14. Kxd2 Ke7 15. cxd5 Ncxe5 16. d6+ Kd7 17. Rac1 Nc6 18. Bxg6 hxg6 19. Nc7 Rb8 20. b4 Kxd6 {Threatens to win with ...b5.} 21. Nb5+ Ke7 22. Nc3 Nxb4 23. Rb1 a5 24. a3 Nc6 25. Nb5 Rd8+ 26. Ke3 Bd7 27. h4 Ne5 28. Nd4 Bc6 29. Nxc6+ Nxc6 30. Rb6 Rd5 31. h5 gxh5 32. f4 Nd4 33. Rc1 Nf5+ 34. Kf3 Rd3+ 35. Ke2 Re3+ 36. Kf2 Rxa3 37. Rc7+ Kf6 38. Rbxb7 Rxb7 39. Rxb7 {[%mdl 4096] Endgame KRN-KR} a4 {[%cal Ba5a4,Ba4a3][%mdl 32]} 40. Ra7 Ra2+ 41. Kf3 a3 42. Ke4 Ra1 43. Kd3 a2 44. Kc2 Rc1+ $2 (44... Rg1 45. Kb2 h4 46. Kxa2 Rxg2+ 47. Kb3 h3 48. Ra1 h2 49. Rh1 Ng3 50. Rxh2 Rxh2 51. Kc4 Ne2 52. f5 exf5 53. Kd5 g5 54. Kc5 g4 55. Kd6 g3 56. Kd7 g2 57. Kd6 g1=Q 58. Kd5 Qb6 59. Kc4 Ke6 60. Kd3 Nc1+ 61. Kc4 Rc2#) 45. Kxc1 Ne3 46. Rxa2 Nxg2 $4 {[%mdl 8192] [#]} (46... h4 $19 47. Rd2 Kf5) 47. Rxg2 {KR-KP} h4 48. Rf2 Kf5 49. Kd2 f6 50. Ke3 g5 51. Rh2 $2 (51. fxg5+ {mates} Kxg5 52. Rg2+ Kf5 53. Kf3 e5 54. Rg4 Ke6 55. Rxh4 f5 56. Ra4) 51... Kg4 $2 (51... gxf4+ $18 52. Kf3 Kg5) 52. fxg5 fxg5 53. Rg2+ {Accuracy: White = 34%, Black = 54%.} 1-0

[Event "Stay Safe Play From Home 137"]
[Site "T#645928Emanuel Laske"]
[Date "2020.05.10"]
[Round "7"]
[White "Fischer_11"]
[Black "Haris kollari 13"]
[Result "1-0"]
[WhiteElo "1918"]
[BlackElo "1725"]
[Annotator "TA"]
[PlyCount "107"]
[EventDate "2020.05.10"]
[EventType "swiss (blitz)"]

{[%evp 12,107,18,13,37,14,20,17,14,16,36,39,26,34,45,47,21,18,175,66,297,219,374,387,314,202,364,378,375,246,325,275,279,262,260,44,262,267,235,237,310,244,237,210,1037,234,226,224,357,214,546,304,464,475,451,456,443,433,417,-537,-497,-496,777,715,12828,591,549,545,1744,1429,12844,12844,12845,12845,12845,12846,12846,12846,12847,12847,12847,12848,12848,12849,12850,12850,12850,12850,12851,27999,12851,27999,12851,27999,27999,27999,27999,27999]} 1. e4 e6 2. d4 d5 3. Nd2 Nf6 4. e5 Nfd7 5. f4 c5 6. c3 Nc6 7. Ndf3 a6 {C05: French Tarrasch: 3...Nf6 4 e5 Nfd7, 5 f4 and 5 Bd3 sidelines.} 8. g3 {[#]} c4 $146 ({Predecessor:} 8... b5 9. Bh3 cxd4 10. cxd4 Bb4+ 11. Kf2 Qb6 12. Kg2 Qc7 13. f5 exf5 14. Bf4 Qb6 15. Bxf5 Ndxe5 16. Bxc8 Nxf3 {½-½ (41) Ilyasli,U (2148)-Guliyev,H (1997) Baku 2019}) 9. Bh3 b5 {The position is equal.} 10. Ne2 Nb6 11. g4 h5 12. Ng3 hxg4 13. Bxg4 Bd7 14. f5 Be7 $2 {[#]} (14... exf5 $1 $11 15. Bxf5 Bxf5 16. Nxf5 Qd7) 15. fxe6 (15. O-O $1 $18) 15... fxe6 $2 (15... Bxe6 $14 16. Nf5 Kd7) 16. Qc2 {Threatens to win with Qg6+.} Qc7 $2 (16... Qc8 17. Ng5 Kd8 18. Nf7+ Kc7 19. Nxh8 Qxh8) 17. Qg6+ $18 Kd8 18. Bg5 (18. Bxe6 $6 Bxe6 19. Qxe6 Qd7 $18) 18... Bxg5 $2 (18... Kc8 19. O-O (19. Bxe6 Bxe6 20. Qxe6+ Qd7 $16) (19. Qxg7 Kb7 $16) 19... Kb7 20. Bxe6 Raf8) 19. Nxg5 ({Don't play} 19. Qxg7 Re8 $18) 19... Kc8 20. Bxe6 Kb7 21. Bxd7 Qxd7 22. O-O-O b4 23. Qd6 $2 (23. Rdf1 $18 Ne7 24. Qe6 (24. Qxg7 Rhg8 $16)) 23... Rhf8 $2 ({Black should play} 23... Qxd6 $14 24. exd6 Na4) 24. Qxd7+ Nxd7 25. Rdf1 a5 26. Rxf8 Rxf8 27. Rf1 Kc7 $2 (27... Rxf1+ 28. Nxf1 Nf8) 28. Rxf8 $2 (28. Ne6+ Kc8 29. Nxf8) 28... Nxf8 {[%mdl 4096] Endgame KNN-KNN} 29. h4 Kd7 (29... g6 $142 30. h5 gxh5) 30. Kd2 (30. Nh5 $142) 30... Ke7 $2 (30... Ng6 31. Nf5 Nce7) 31. Ke3 a4 (31... g6 $142 32. Ne2 Kd7) 32. Nf5+ Kd7 33. Nxg7 a3 {[#]} 34. bxa3 $1 bxc3 {Black wants to play ...Nxd4.} 35. Ke2 $4 {[%mdl 8192]} (35. Nf3 $18 {avoids the disaster.}) 35... Nxd4+ $19 36. Kd1 {h5 is the strong threat.} Nb5 $4 {[%mdl 8192]} (36... Ng6 $19 37. e6+ Ke7) 37. e6+ $18 Kd6 38. a4 (38. Nf5+ $142 Ke5 39. e7) 38... Nd4 39. h5 Nfxe6 40. N7xe6 Nxe6 41. Nxe6 Kxe6 {K3P-K3P} 42. h6 Kf6 43. a5 d4 44. a6 d3 45. a7 c2+ 46. Kc1 c3 47. a8=Q {White wants to mate with h7.} d2+ 48. Kxc2 Kg6 49. Qe4+ Kxh6 50. Kd1 {Threatening mate with a4.} Kg5 51. Qc2 {a4 would kill now.} Kf4 52. Qxc3 Ke4 53. Qxd2 Ke5 54. Qd3 {What a bad dream for Black. Accuracy: White = 49%, Black = 33%.} 1-0

[Event "Stay Safe Play From Home 137"]
[Site "T#645928Emanuel Laske"]
[Date "2020.05.10"]
[Round "7"]
[White "SecantFX"]
[Black "Sfantul321"]
[Result "1-0"]
[WhiteElo "1853"]
[BlackElo "1911"]
[Annotator "TA"]
[PlyCount "131"]
[EventDate "2020.05.10"]
[EventType "swiss (blitz)"]

{[%evp 9,131,-25,0,-4,11,8,39,-10,33,26,60,52,71,42,64,61,65,45,57,47,41,38,44,35,70,53,58,51,67,0,33,-35,-25,-45,-50,-28,0,-5,36,0,0,0,0,-44,0,-21,0,-43,43,-63,3,-13,67,56,70,46,75,31,78,0,78,0,64,60,67,67,67,67,98,37,230,227,227,220,227,153,176,175,222,132,132,132,132,132,248,217,442,314,264,58,201,0,218,0,0,0,-11,-29985,-29986,-29997,0,0,0,0,29980,29962,29984,29985,29979,1753,29986,29987,29993,29982,29989,29990,29990,29985,29991,29992,29992,29993,29994,29995]} 1. g3 g6 2. Bg2 Bg7 3. f4 d5 4. c3 c6 5. d4 {[#]} Bg4 $146 ({Predecessor:} 5... Nd7 6. e4 dxe4 7. Bxe4 Ngf6 8. Bg2 O-O 9. Nf3 c5 10. O-O cxd4 11. Nxd4 Nc5 {½-½ (61) Szymczak,R (2086)-Nowak,L (2038) Warsaw 2013}) 6. Nd2 {A03: Bird's Opening with 1...d5.} Qc8 7. h3 Bd7 8. g4 {White is slightly better.} e6 9. Ngf3 f5 10. g5 Ne7 11. O-O O-O 12. h4 b6 {[%cal Bb7b6,Bb6b5,Bb5b4][%mdl 32]} 13. Ne5 c5 14. Nxd7 Nxd7 15. e3 Rb8 16. Nf3 b5 17. Qe2 b4 18. Bd2 a5 19. Ne5 (19. Rac1 $14) 19... Nxe5 20. fxe5 (20. dxe5 $14 Rd8 21. h5) 20... Nc6 $15 21. Rac1 bxc3 22. Bxc3 c4 23. a3 Rb3 24. Qd2 Qb7 25. Rc2 Rb8 26. Rfc1 Kh8 27. Rf1 Kg8 28. Rf2 Kf7 ({Black should try} 28... Bf8 $15) 29. Bf1 {[#]} ({Better is} 29. Qe1 $14) 29... a4 (29... Nb4 $1 $15 {[%mdl 512]} 30. axb4 axb4) 30. Be2 Rb5 (30... Na7 $11) 31. Bd1 Qb6 32. Rc1 Qa6 33. Qc2 Rb3 34. Qd2 R3b5 35. Bc2 (35. h5 $16) 35... Ne7 ({Black should play} 35... Rxb2 $11 36. Bxb2 Rxb2) 36. Qd1 $14 Kg8 37. Bxa4 R5b7 38. Bc2 Rf8 39. a4 (39. Qe2 $16) 39... f4 $2 (39... Rfb8 $14) 40. exf4 Nf5 41. Bxf5 Rxf5 42. a5 Rbf7 43. Qf1 Qb5 {[#]} 44. Rcc2 (44. h5 $1 $18) 44... Qb3 $16 45. Rce2 {[%cal Bc2e2,Be2e3,Be3f3][%mdl 32]} Qa4 46. Re3 Qa2 (46... h5 $16 47. Re1 Qc6) 47. Ref3 h6 $2 (47... Qb3 48. Qh3 h5 49. gxh6 Bxh6) 48. gxh6 Bxh6 49. Qh3 $2 (49. b4 $18 Qb3 50. Bd2) 49... Kh7 (49... Bxf4 $14 50. Kh1 Qb1+ 51. Rf1 Qe4) 50. h5 $2 (50. b4 $18 Qa3 51. Bd2) 50... Rxh5 $2 (50... g5 $1 $11 {and Black is okay.} 51. Rg2 Rxf4) 51. Qg4 $2 ({Only move:} 51. Qxe6 $18 Qb1+ 52. Rf1) 51... Qb1+ $11 52. Rf1 Qe4 {Threatens to win with ...Rxf4!} 53. Qxe6 $2 {[%mdl 8192]} (53. Re1 $11 Rg5 54. Qxg5 Qxf3 55. Qg2 Qxf4 56. Rf1 Qe3+ 57. Kh1) 53... Rxf4 54. Rxf4 Bxf4 $2 (54... Rh1+ {mates} 55. Kf2 Rh2+ 56. Kg3 Qg2#) 55. Qf7+ Kh6 {( -> ...Rg5+)} 56. Qxf4+ Qxf4 $4 {[%mdl 8192]} (56... Rg5+ $11 57. Qxg5+ (57. Kh2 $2 {is a self mate.} Qg2#) 57... Kxg5) 57. Rxf4 {[%mdl 4096] Endgame KRB-KR} Rg5+ 58. Kf2 Rh5 59. Rf6 (59. e6 $142 Rh2+ 60. Kf3 g5 {[#]} 61. e7 $1 {[%mdl 512]} Rh3+ 62. Ke2 gxf4 63. e8=Q Rg3 64. a6) 59... Rh2+ 60. Kg3 {White mates.} Kg5 61. e6 Kxf6 62. Kxh2 Kxe6 63. Kg3 Kf5 64. a6 g5 65. a7 g4 66. a8=Q {Accuracy: White = 58%, Black = 48%.} 1-0

[Event "Stay Safe Play From Home 137"]
[Site "T#645928Emanuel Laske"]
[Date "2020.05.10"]
[Round "7"]
[White "Zacko1"]
[Black "Edmatuag"]
[Result "1-0"]
[WhiteElo "1796"]
[BlackElo "1709"]
[Annotator "NA RC"]
[PlyCount "85"]
[EventDate "2020.05.10"]
[EventType "swiss (blitz)"]

1. c4 {[%emt 0:00:03]} c5 {[%emt 0:00:00]} 2. Nc3 {[%emt 0:00:01]} Nc6 {[%emt 0:00:01]} 3. g3 {[%emt 0:00:00]} Nf6 {[%emt 0:00:01]} 4. Bg2 {[%emt 0:00:00]} g6 {[%emt 0:00:00]} 5. e4 {[%emt 0:00:00]} Bg7 {[%emt 0:00:01]} 6. Nge2 {[%emt 0:00:00]} O-O {[%emt 0:00:01]} 7. d3 {[%emt 0:00:00]} d6 {[%emt 0:00:01]} 8. O-O {[%emt 0:00:00]} Bg4 {[%emt 0:00:01]} 9. f3 {[%emt 0:00:01]} Be6 {[%emt 0:00:00]} 10. Be3 {[%emt 0:00:01]} Bd7 {[%emt 0:00:00]} 11. Qd2 {[%emt 0:00:01]} e6 {[%emt 0:00:00]} 12. Bh6 {[%emt 0:00:02]} Nd4 {[%emt 0:00:02]} 13. Bxg7 {[%emt 0:00:02]} Kxg7 {[%emt 0:00:01]} 14. Nxd4 {[%emt 0:00:01]} cxd4 {[%emt 0:00:00]} 15. Ne2 {[%emt 0:00:00]} e5 {[%emt 0:00:01]} 16. f4 {[%emt 0:00:00]} Bc6 {[%emt 0:00:01]} 17. h3 {[%emt 0:00:01]} Qc7 {[%emt 0:00:02]} 18. g4 {[%emt 0:00:01]} h5 {[%emt 0:00:01]} 19. g5 {[%emt 0:00:02]} Ne8 {[%emt 0:00:01]} 20. Ng3 {[%emt 0:00:01]} f6 {[%emt 0:00:01]} 21. h4 {[%emt 0:00:01]} fxg5 {[%emt 0:00:01]} 22. hxg5 {[%emt 0:00:02]} Qe7 {[%emt 0:00:03]} 23. f5 {[%emt 0:00:02]} gxf5 {[%emt 0:00:03]} 24. Nxf5+ {[%emt 0:00:01]} Kf7 {[%emt 0:00:02]} 25. Nxe7+ {[%emt 0:00:01]} Kxe7 {[%emt 0:00:00]} 26. Rxf8 {[%emt 0:00:03]} Kxf8 {[%emt 0:00:00]} 27. g6 {[%emt 0:00:02]} Kg7 {[%emt 0:00:01]} 28. Qg5 {[%emt 0:00:03]} Nf6 {[%emt 0:00:01]} 29. Rf1 {[%emt 0:00:02]} Rf8 {[%emt 0:00:02]} 30. Bh3 {[%emt 0:00:01]} Be8 {[%emt 0:00:01]} 31. Bf5 {[%emt 0:00:01]} Ng4 {[%emt 0:00:04]} 32. Bxg4 {[%emt 0:00:02]} hxg4 {[%emt 0:00:01]} 33. Rxf8 {[%emt 0:00:03]} Kxf8 {[%emt 0:00:01]} 34. Qf6+ {[%emt 0:00:00]} Kg8 {[%emt 0:00:02]} 35. g7 {[%emt 0:00:00]} Bf7 {[%emt 0:00:02]} 36. Kg2 {[%emt 0:00:00]} Be8 {[%emt 0:00:02]} 37. Kg3 {[%emt 0:00:01]} Bf7 {[%emt 0:00:01]} 38. Kxg4 {[%emt 0:00:01]} b5 {[%emt 0:00:01]} 39. Kg5 {[%emt 0:00:01]} bxc4 {[%emt 0:00:02]} 40. dxc4 {[%emt 0:00:01]} Bxc4 {[%emt 0:00:01]} 41. Kh6 {[%emt 0:00:02]} Bf7 {[%emt 0:00:02]} 42. Qxd6 {[%emt 0:00:01]} d3 {[%emt 0:00:03]} 43. Qf8# {[%emt 0:00:00] (Lag: Av=0.33s, max=0.9s)} 1-0

[Event "Stay Safe Play From Home 137"]
[Site "T#645928Emanuel Laske"]
[Date "2020.05.10"]
[Round "7"]
[White "Emresenar"]
[Black "Trotsky"]
[Result "0-1"]
[WhiteElo "1611"]
[BlackElo "1652"]
[Annotator "NA RC"]
[PlyCount "64"]
[EventDate "2020.05.10"]
[EventType "swiss (blitz)"]

1. g3 {[%emt 0:00:01]} d5 {[%emt 0:00:01]} 2. Bg2 {[%emt 0:00:00]} e6 {[%emt 0:00:00]} 3. b3 {[%emt 0:00:00]} c5 {[%emt 0:00:01]} 4. Bb2 {[%emt 0:00:00]} Nc6 {[%emt 0:00:01]} 5. Nf3 {[%emt 0:00:01]} f6 {[%emt 0:00:00]} 6. O-O {[%emt 0:00:01]} Bd6 {[%emt 0:00:01]} 7. d4 {[%emt 0:00:00]} Qc7 {[%emt 0:00:01]} 8. dxc5 {[%emt 0:00:01]} Bxc5 {[%emt 0:00:01]} 9. Nbd2 {[%emt 0:00:03]} Bd7 {[%emt 0:00:01]} 10. e4 {[%emt 0:00:01]} Bd6 {[%emt 0:00:01]} 11. exd5 {[%emt 0:00:02]} exd5 {[%emt 0:00:01]} 12. Re1+ {[%emt 0:00:00]} Nge7 {[%emt 0:00:02]} 13. Nd4 {[%emt 0:00:01]} O-O-O {[%emt 0:00:01]} 14. Ne6 {[%emt 0:00:04]} Bxe6 {[%emt 0:00:03]} 15. Rxe6 {[%emt 0:00:00]} Ne5 {[%emt 0:00:11]} 16. Bh3 {[%emt 0:00:06]} Kb8 {[%emt 0:00:03]} 17. Nf3 {[%emt 0:00:05]} h5 {[%emt 0:00:02]} 18. Nxe5 {[%emt 0:00:02]} Bxe5 {[%emt 0:00:01]} 19. Bxe5 {[%emt 0:00:02]} fxe5 {[%emt 0:00:01]} 20. Qe2 {[%emt 0:00:07]} e4 {[%emt 0:00:03]} 21. Rd1 {[%emt 0:00:05]} g5 {[%emt 0:00:02]} 22. Bg2 {[%emt 0:00:05]} g4 {[%emt 0:00:01]} 23. h3 {[%emt 0:00:01]} h4 {[%emt 0:00:02]} 24. Qxg4 {[%emt 0:00:02]} Rdg8 {[%emt 0:00:06]} 25. Qf4 {[%emt 0:00:01]} Qxf4 {[%emt 0:00:04]} 26. gxf4 {[%emt 0:00:00]} Rg6 {[%emt 0:00:04]} 27. Rxe7 {[%emt 0:00:02]} Rhg8 {[%emt 0:00:01]} 28. Re8+ {[%emt 0:00:03]} Rxe8 {[%emt 0:00:02]} 29. Kh2 {[%emt 0:00:00]} Reg8 {[%emt 0:00:01]} 30. Rxd5 {[%emt 0:00:00]} Rxg2+ {[%emt 0:00:01]} 31. Kh1 {[%emt 0:00:01]} Rg1+ {[%emt 0:00:01]} 32. Kh2 {[%emt 0:00:01] .} R8g2# {[%emt 0:00:01] (Lag: Av=0.52s, max=0.8s)} 0-1

[Event "Stay Safe Play From Home 137"]
[Site "T#645928Emanuel Laske"]
[Date "2020.05.10"]
[Round "7"]
[White "Nagaram"]
[Black "NeatFox"]
[Result "0-1"]
[WhiteElo "1507"]
[BlackElo "1741"]
[Annotator "NA RC"]
[PlyCount "96"]
[EventDate "2020.05.10"]
[EventType "swiss (blitz)"]

1. e4 {[%emt 0:00:01]} e5 {[%emt 0:00:01]} 2. Nf3 {[%emt 0:00:01]} Nc6 {[%emt 0:00:00]} 3. d4 {[%emt 0:00:01]} exd4 {[%emt 0:00:01]} 4. Bc4 {[%emt 0:00:01]} Bb4+ {[%emt 0:00:02]} 5. c3 {[%emt 0:00:01]} dxc3 {[%emt 0:00:01]} 6. Nxc3 {[%emt 0:00:02]} Bxc3+ {[%emt 0:00:01]} 7. bxc3 {[%emt 0:00:01]} Nf6 {[%emt 0:00:01]} 8. O-O {[%emt 0:00:04]} d6 {[%emt 0:00:01]} 9. Re1 {[%emt 0:00:01]} O-O {[%emt 0:00:01]} 10. Bg5 {[%emt 0:00:01]} Bg4 {[%emt 0:00:02]} 11. h3 {[%emt 0:00:02]} Bxf3 {[%emt 0:00:02]} 12. Qxf3 {[%emt 0:00:01]} Ne5 {[%emt 0:00:01]} 13. Bxf6 {[%emt 0:00:02]} Qxf6 {[%emt 0:00:04]} 14. Qxf6 {[%emt 0:00:01]} gxf6 {[%emt 0:00:00]} 15. Be2 {[%emt 0:00:01]} Kh8 {[%emt 0:00:02]} 16. f4 {[%emt 0:00:01]} Nd7 {[%emt 0:00:01]} 17. Bf3 {[%emt 0:00:01]} Nc5 {[%emt 0:00:02]} 18. Red1 {[%emt 0:00:01]} Rad8 {[%emt 0:00:02]} 19. Re1 {[%emt 0:00:01]} Rde8 {[%emt 0:00:01]} 20. Rab1 {[%emt 0:00:02]} b6 {[%emt 0:00:01]} 21. Rb5 {[%emt 0:00:02]} a6 {[%emt 0:00:01]} 22. Rb4 {[%emt 0:00:02]} Rg8 {[%emt 0:00:03]} 23. e5 {[%emt 0:00:03]} fxe5 {[%emt 0:00:03]} 24. fxe5 {[%emt 0:00:00]} Nd3 {[%emt 0:00:01]} 25. Rbe4 {[%emt 0:00:06]} Nxe1 {[%emt 0:00:01]} 26. Rxe1 {[%emt 0:00:00]} Rxe5 {[%emt 0:00:01]} 27. Rxe5 {[%emt 0:00:02]} dxe5 {[%emt 0:00:00]} 28. Be2 {[%emt 0:00:01]} f5 {[%emt 0:00:01]} 29. Bxa6 {[%emt 0:00:02]} e4 {[%emt 0:00:00]} 30. Kf2 {[%emt 0:00:01]} f4 {[%emt 0:00:01]} 31. Be2 {[%emt 0:00:03]} c5 {[%emt 0:00:02]} 32. c4 {[%emt 0:00:02]} Ra8 {[%emt 0:00:02]} 33. a4 {[%emt 0:00:03]} Rxa4 {[%emt 0:00:04]} 34. g3 {[%emt 0:00:00]} Ra2 {[%emt 0:00:01]} 35. gxf4 {[%emt 0:00:01]} Kg7 {[%emt 0:00:01]} 36. Ke3 {[%emt 0:00:00]} Kf6 {[%emt 0:00:01]} 37. Bg4 {[%emt 0:00:01]} Rc2 {[%emt 0:00:03]} 38. Kxe4 {[%emt 0:00:00]} Rxc4+ {[%emt 0:00:01]} 39. Kf3 {[%emt 0:00:01]} b5 {[%emt 0:00:01]} 40. Kg3 {[%emt 0:00:00]} b4 {[%emt 0:00:01]} 41. Kh4 {[%emt 0:00:00]} b3 {[%emt 0:00:01]} 42. Be2 {[%emt 0:00:00]} Rc3 {[%emt 0:00:01]} 43. Bd3 {[%emt 0:00:01]} Rxd3 {[%emt 0:00:01]} 44. f5 {[%emt 0:00:00]} Ke5 {[%emt 0:00:01]} 45. Kg4 {[%emt 0:00:00]} b2 {[%emt 0:00:01]} 46. h4 {[%emt 0:00:00]} b1=Q {[%emt 0:00:01]} 47. h5 {[%emt 0:00:00]} Qg1+ {[%emt 0:00:01]} 48. Kh4 {[%emt 0:00:00]} Rg3 {[%emt 0:00:01] Time (Lag: Av=0.52s, max=0.7s) .} 0-1